Most Points For Each Day Of The 2015-16 NBA Regular Season - Statistics

General Stats
  • This quiz has been taken 23 times
  • The average score is 30 of 56
Answer Stats
Team Player Days Led % Correct
Portland Trail Blazers Damian Lillard 8
100%
Houston Rockets James Harden 20
100%
Oklahoma City Thunder Kevin Durant 9
100%
Oklahoma City Thunder Russell Westbrook 3
100%
Golden State Warriors Stephen Curry 19
100%
New Orleans Pelicans Anthony Davis 9
95%
Dallas Mavericks Dirk Nowitzki 2
95%
Cleveland Cavaliers LeBron James 8
95%
Indiana Pacers Paul George 7
95%
Los Angeles Clippers Chris Paul 1
90%
Los Angeles Clippers Blake Griffin 3
85%
Toronto Raptors DeMar DeRozan 4
85%
Charlotte Hornets Kemba Walker 6
85%
Golden State Warriors Klay Thompson 10
85%
New York Knicks Carmelo Anthony 2
80%
Portland Trail Blazers CJ McCollum 1
80%
Sacramento Kings DeMarcus Cousins 13
80%
San Antonio Spurs Kawhi Leonard 2
80%
Los Angeles Lakers Kobe Bryant 3
80%
Cleveland Cavaliers Kyrie Irving 2
80%
Chicago Bulls Jimmy Butler 3
75%
Memphis Grizzlies Marc Gasol 1
75%
Phoenix Suns Devin Booker 2
65%
Washington Wizards John Wall 1
65%
Toronto Raptors Kyle Lowry 3
65%
Chicago Bulls Derrick Rose 2
60%
Boston Celtics Isaiah Thomas 2
60%
Miami Heat Chris Bosh 1
55%
Milwaukee Bucks Khris Middleton 2
55%
Minnesota Timberwolves Andrew Wiggins 1
50%
Los Angeles Lakers D'Angelo Russell 1
50%
Utah Jazz Gordon Hayward 1
50%
Los Angeles Clippers Jamal Crawford 2
45%
New York Knicks Kristaps Porzingis 1
45%
Brooklyn Nets Brook Lopez 1
40%
Los Angeles Lakers Lou Williams 1
40%
Miami Heat Hassan Whiteside 2
35%
Detroit Pistons Reggie Jackson 3
35%
Atlanta Hawks Jeff Teague 1
25%
Orlando Magic Victor Oladipo 1
25%
Orlando Magic Evan Fournier 1
20%
Los Angeles Lakers Jordan Clarkson 1
20%
Denver Nuggets Danilo Gallinari 1
15%
Charlotte Hornets Jeremy Lin 1
15%
New Orleans Pelicans Ryan Anderson 1
15%
Phoenix Suns Brandon Knight 1
10%
Dallas Mavericks J.J. Barea 1
10%
Detroit Pistons Marcus Morris 1
10%
Utah Jazz Rodney Hood 1
10%
Sacramento Kings Rudy Gay 1
10%
Denver Nuggets Will Barton 1
10%
Los Angeles Clippers Austin Rivers 1
5%
Brooklyn Nets Bojan Bogdanovic 1
5%
Chicago Bulls Nikola Mirotić 1
5%
Dallas Mavericks Wesley Matthews 1
5%
Minnesota Timberwolves Shabazz Muhammad 1
0%
No matching quizzes found
Score Distribution
Percent of People with Each Score
Percentile by Number Answered
Your Score History
You have not taken this quiz